000 00783nam a22003250a 4500
001 PT50285
003 AR-LpoUNG
005 20210131231339.0
008 191001s2001||||sp |||||||||||||||||spa d
020 _a8495594684
_c$14
040 _aAR-LpoUNG
_bspa
_cAR-LpoUNG
_eaacr
041 _aspa
044 _asp
082 0 _aA861 951rom
100 1 _aLugones, Leopoldo
245 1 0 _aRomances del Río Seco
250 _a1ra. ed.
260 _aBarcelona :
_bPasco,
_c2001.
300 _a232 p. :
_bil., fot.
650 4 _aARGENTINA
650 4 _aCULTURA
650 4 _aLITERATURA
650 4 _aPRACTICAS TRADICIONALES
650 4 _aTRADICION
650 4 _aTRADICION ORAL
651 4 _aArgentina
653 _aLITERATURA ARGENTINA
905 _a50285
942 _cLIB
999 _c9516
_d9516